Statistics for Who Directed That Movie #3

Click here to take the quiz!

General Stats

  • This quiz has been taken 8,436 times
    (6,322 since last reset)
  • The average score is 10 of 22

Answer Stats

MoviesDirector% Correct
Fargo; The Big Lebowski{Coen} Brothers
91%
Memento; The Dark KnightChristopher Nolan
77%
Bowling for Columbine; SickoMichael Moore
68%
Lost in Translation;
The Virgin Suicides
Sofia Coppola
63%
Snatch; Sherlock HolmesGuy Ritchie
62%
Back to the Future; Forrest GumpRobert Zemeckis
54%
The Matrix; Jupiter Ascending{Wachowski} Siblings
54%
The Producers; Blazing SaddlesMel Brooks
53%
A Fistful of Dollars;
The Good, the Bad and the Ugly
Sergio Leone
53%
Halloween; The ThingJohn Carpenter
49%
Point Break; Hurt LockerKathryn Bigelow
49%
The Breakfast Club;
Ferris Bueller's Day Off
John Hughes
46%
Home Alone;
Harry Potter and the Sorcerer's Stone;
Christopher Columbus
44%
Y tu mamá también; GravityAlfonso Cuarón
43%
300; WatchmenZach Snyder
39%
Spirited Away; PonyoHayao Miyazaki
38%
Dumb and Dumber;
There's Something About Mary
{Farrelly} Brothers
37%
The Seventh Seal; The Virgin SpringIngmar Bergman
35%
A Bronx Tale; The Good ShepherdRobert Deniro
32%
Sleepless in Seattle; Julie & JuliaNora Ephron
22%
Charlie's Angels;
Terminator Salvation
McG
21%
The Great Debaters; Antwone FisherDenzel Washington
20%

Score Distribution

Percentile by Number Answered

Percent of People with Each Score

Your Score History

You have not taken this quiz since the last reset